| Tag |
First Indicator |
Second Indicator |
Subfields |
| LEADER |
00000cam a2200000 4500 |
| 001 |
in00000036050 |
| 005 |
20151007063618.0 |
| 008 |
800703r19321930enk 00010 eng d |
| 035 |
|
|
|a (OCoLC)06482835
|
| 035 |
|
|
|9 AAD7804AM
|
| 040 |
|
|
|a TXA
|c TXA
|d UtOrBLW
|
| 049 |
|
|
|a TXAM
|c [476259]
|
| 090 |
|
|
|a PR6001.L4
|b D7 1932
|
| 092 |
|
|
|a 821
|b A363d
|
| 100 |
1 |
|
|a Aldington, Richard,
|d 1892-1962.
|
| 245 |
1 |
2 |
|a A dream in the Luxembourg /
|c by Richard Aldington.
|
| 264 |
|
1 |
|a London :
|b Chatto & Windus,
|c 1932.
|
| 300 |
|
|
|a 2 pages ., 53 pages, 1 unnumbered page ;
|c 20 cm.
|
| 336 |
|
|
|a text
|b txt
|2 rdacontent
|
| 337 |
|
|
|a unmediated
|b n
|2 rdamedia
|
| 338 |
|
|
|a volume
|b nc
|2 rdacarrier
|
| 500 |
|
|
|a "First published: April 10, 1930; second impression: April, 1930."
|
| 999 |
|
|
|a MARS
|
| 999 |
f |
f |
|s dd8425b6-0be7-3f0f-a7e6-35a8f1f81d61
|i fcfabd83-d644-3c32-b48b-f9e6a6f8f241
|t 0
|
| 952 |
f |
f |
|p ric
|a Texas A&M University
|b Rellis Campus
|c Joint Library Facility
|d Remote Storage
|t 0
|e PR6001.L4 D7 1932
|h Library of Congress classification
|i unmediated -- volume
|m A14801274374
|
| 998 |
f |
f |
|a PR6001.L4 D7 1932
|t 0
|l Remote Storage
|